The infographic guide to personal finance / (Record no. 360169)
[ view plain ]
| 000 -LEADER | |
|---|---|
| fixed length control field | 00799nam a2200289Ia 4500 |
| 008 - FIXED-LENGTH DATA ELEMENTS--GENERAL INFORMATION | |
| fixed length control field | 181129s9999 xx 000 0 und d |
| 020 ## - INTERNATIONAL STANDARD BOOK NUMBER | |
| International Standard Book Number | 9781507204665 |
| 050 ## - LIBRARY OF CONGRESS CALL NUMBER | |
| Classification number | 332 |
| 050 ## - LIBRARY OF CONGRESS CALL NUMBER | |
| Item number | C117 2017 |
| 100 ## - MAIN ENTRY--PERSONAL NAME | |
| Personal name | Cagan, Michele |
| 245 #4 - TITLE STATEMENT | |
| Title | The infographic guide to personal finance / |
| 245 #0 - TITLE STATEMENT | |
| Statement of responsibility, etc | by Michele Cagan and Elisabeth Lariviere. |
| 260 ## - PUBLICATION, DISTRIBUTION, ETC. (IMPRINT) | |
| Place of publication, distribution, etc | New York, NY : |
| 260 ## - PUBLICATION, DISTRIBUTION, ETC. (IMPRINT) | |
| Name of publisher, distributor, etc | Adams Media, |
| 260 ## - PUBLICATION, DISTRIBUTION, ETC. (IMPRINT) | |
| Date of publication, distribution, etc | 2017 |
| 300 ## - PHYSICAL DESCRIPTION | |
| Extent | 127 pages : |
| 300 ## - PHYSICAL DESCRIPTION | |
| Other physical details | color illustrations ; |
| 300 ## - PHYSICAL DESCRIPTION | |
| Dimensions | 23cm. |
| 440 ## - SERIES STATEMENT/ADDED ENTRY--TITLE | |
| Title | Visual reference for everything you need to know. |
| 650 ## - SUBJECT ADDED ENTRY--TOPICAL TERM | |
| Topical term or geographic name as entry element | Budgets, Personal. |
| 650 ## - SUBJECT ADDED ENTRY--TOPICAL TERM | |
| Topical term or geographic name as entry element | Finance, Personal -- |
| 650 ## - SUBJECT ADDED ENTRY--TOPICAL TERM | |
| Topical term or geographic name as entry element | Financial literacy. |
| 650 ## - SUBJECT ADDED ENTRY--TOPICAL TERM | |
| General subdivision | Life skills guides. |
| 700 ## - ADDED ENTRY--PERSONAL NAME | |
| Personal name | Lariviere, Elisabeth. |
| 700 ## - ADDED ENTRY--PERSONAL NAME | |
| Personal name | Series. |
| 700 ## - ADDED ENTRY--PERSONAL NAME | |
| Personal name | Title. |
| Withdrawn status | Lost status | Damaged status | Home library | Current library | Shelving location | Date acquired | Total Checkouts | Full call number | Barcode | Date last seen | Price effective from | Koha item type |
|---|---|---|---|---|---|---|---|---|---|---|---|---|
| Stonyhurst Southville International School (Malarayat) | Stonyhurst Southville International School (Malarayat) | 11/29/2018 | SHS 332 C117 2017 | SSISM5963 | 11/29/2018 | 11/29/2018 | Books |